Statistiques concernant Les pays producteurs d'émeraudes dans le monde

Cliquez ici pour prendre le quiz!

Statistiques générales

  • Ce quiz a été pris 24 fois
  • Le résultat moyen est 6 sur 13

Statistiques - réponses

Pays% Correct
Brésil
92%
Colombie
79%
Russie
79%
Australie
75%
Etats Unis
71%
Zimbabwe
50%
Pakistan
38%
Tanzanie
38%
Zambie
33%
Madagascar
33%
Afghanistan
21%
Norvège
17%
Autriche
8%

Distribution des résultats

Percentile par nombre de réponses

% des personnes avec chaque résultat

Votre développement - résultats

Vous n’avez pas pris ce quiz